00636nam a2200205Ia 4500003000400000005001700004008004100021020001900062040000700081041000800088082001600096100002500112245005600137260003800193300000900231650002200240942001300262999001900275952013600294OSt20250809105612.0250729s2005 xx 000 0 und d a978-8125937180 cAL aeng a371.33 AGGP aAggarwal J C9221166 aLand mark in the history of modern indian education aNew DelhibVikas Publishingc2005 a427p aEducation9221167 2ddccBED c234884d234884 001040708BEDaALbALd2025-07-29eSita Book Houseg185.00l0o371.33 AGGPpBED00203r2025-07-29 16:53:32v185.00w2025-07-29yBK